000 00523nam a22001937a 4500
005 20260420110707.0
008 260420b |||||||| |||| 00| 0 eng d
020 _a978-0-12-823043-5
050 _aQA 276.12 .M16 2022.
100 _aMOHR, DONNA L.
245 _aSTATISTICAL METHODS.
250 _a4TH.
260 _aLONDON,
_bELSEVIER, ACADEMIC PRESS.
_c2022.
300 _aXXI, 745 P,
500 _aINCLUDES INDEX
650 _aSTATISTICS
700 _aWILSON, WILLIAM J. FREUND, RUDOLF J.
942 _2lcc
_cBK
999 _c217008
_d217008